Taylor Swift: You Need To Calm Down lyrics - Statistics

General Stats
  • This quiz has been taken 1,084 times
  • The average score is 268 of 319
Answer Stats
Answer % Correct
a
99%
I
99%
You
99%
you
99%
(you
99%
to
96%
your
96%
calm
95%
down
95%
down)
95%
need
95%
are
94%
it
94%
like
94%
and
93%
be
93%
just
93%
so
93%
you're
93%
(you're
93%
in
92%
i'm
91%
know
91%
loud
91%
loud)
91%
me
91%
oh-oh...
91%
that
91%
but
90%
the
90%
too
90%
being
89%
don't
89%
it's
89%
no
89%
a.m
88%
7
87%
on
87%
at
86%
less
86%
never
86%
somebody
86%
can
85%
(can
85%
mad
85%
my
85%
stop
85%
stop)
85%
we
85%
not
83%
damn
82%
all
81%
gay
81%
okay
80%
out
80%
step
80%
hey
79%
taking
79%
anybody
78%
made
78%
shots
78%
gown
77%
shade
77%
who
77%
street
75%
when
74%
say
73%
take
73%
'cause
71%
could
71%
glad
70%
glad)
70%
that's
69%
why
69%
hate
68%
Tweet
68%
knock
67%
Patrón
67%
try
67%
is
66%
night
66%
sign
66%
bones
65%
broke
65%
cop
65%
friends
65%
see
65%
dark
64%
fun
64%
people
64%
stones
64%
parade
63%
'bout
62%
crowns
62%
girls
62%
internet
62%
age
61%
taken
61%
got
60%
killing
60%
over
60%
self
60%
there
60%
expression
59%
must've
59%
our
59%
rather
59%
snakes
59%
would
59%
his
58%
i've
58%
making
58%
now
58%
several
58%
with
58%
coming
57%
lesson
57%
mess
57%
about
56%
else
56%
learned
56%
comparing
55%
seats
55%
trying
55%
missile
54%
figured
53%
ain't
52%
stressing
51%
obsessing
49%
scream
49%
sunshine
48%
peace
45%
restore
45%
gowns
44%
then
44%
control
42%
urges
41%
No matching quizzes found
Score Distribution
Percent of People with Each Score
Percentile by Number Answered
Your Score History
You have not taken this quiz